000 00446nam a22001697a 4500
999 _c11454
_d11454
003 OSt
008 220810b ||||| |||| 00| 0 eng d
020 _a9788131727355
082 _a801.95 NAC
100 _aNAYAR, Pramod K.
245 _aContemporary Literary and Cultural Theory: From Structuralism to Ecocriticism
250 _a52 ed.
260 _aNoida
_bPearson
_c2022
300 _a278 p.
650 _aEnglish (H)
942 _2ddc
_cBK
_08